00245 a2200121 4500001000700000020001800007040001100025100002100036240002600057245002100083300001000104362000900114194300 a9788508173372 cMagnum aIacocca, Liliana10aA coruja curiosalpor10aA coruja curiosa a16 p.0 a2015